[Event "SC-2018-0-00363"]
[Site "LSS email"]
[Date "2018.11.17"]
[Round "?"]
[White "Kreuchauf, Olaf"]
[Black "Corbacho, Jose Luis"]
[Result "0-1"]
[WhiteElo "1743"]
[BlackElo "1658"]
[PlyCount "54"]
[EventDate "2018.09.27"]
[EventType "tourn (corr)"]
[EventRounds "6"]
[EventCountry "GER"]
[SourceTitle "Corr 2022"]
[Source "ChessBase"]
[SourceDate "2021.10.24"]
[SourceVersion "1"]
[SourceVersionDate "2021.10.24"]
[SourceQuality "1"]

1. c4 f5 2. g3 Nf6 3. Bg2 g6 4. Nc3 Bg7 5. Nf3 d6 6. 0-0 0-0 7. d4 Qe8 8. Re1 Qf7 9. b3 c6 10. e4 Nxe4 11. Bb2 Nxc3 12. Bxc3 h6 13. Qc2 Nd7 14. Rad1 Nf6 15. Nh4 Ne4 16. Bxe4 fxe4 17. Rxe4 g5 18. Qe2 gxh4 19. Rxh4 Qf3 20. Qxf3 Rxf3 21. Ba1 d5 22. c5 Bf5 23. Bb2 Be4 24. Bc1 Raf8 25. Bxh6 Bxh6 26. Rxh6 Rxf2 27. a4 Rg2+ 0-1

[Event "SC-2018-0-00363"]
[Site "LSS email"]
[Date "2018.11.15"]
[Round "?"]
[White "Martins, Karin"]
[Black "Corbacho, Jose Luis"]
[Result "1-0"]
[WhiteElo "1636"]
[BlackElo "1658"]
[PlyCount "118"]
[EventDate "2018.09.27"]
[EventType "tourn (corr)"]
[EventRounds "6"]
[EventCountry "GER"]
[SourceTitle "Corr 2022"]
[Source "ChessBase"]
[SourceDate "2021.10.24"]
[SourceVersion "1"]
[SourceVersionDate "2021.10.24"]
[SourceQuality "1"]

1. e4 e5 2. Nf3 Nc6 3. d4 exd4 4. Nxd4 Nf6 5. Nxc6 bxc6 6. e5 Qe7 7. Qe2 Nd5 8. h4 d6 9. c4 Nb6 10. exd6 cxd6 11. Be3 Be6 12. Qc2 h5 13. Nd2 d5 14. 0-0-0 Qb4 15. cxd5 Bxd5 16. Bd3 Bd6 17. Ne4 Be7 18. Bd2 Qa4 19. Rhe1 0-0 20. b3 Qa3+ 21. Kb1 a5 22. Re3 a4 23. b4 f5 24. Ng5 Bb3 25. axb3 Bf6 26. Qa2 Qxb3+ 27. Qxb3+ axb3 28. Kc1 Ra2 29. Rde1 Nd5 30. Nf3 Bb2+ 31. Kd1 Bc3 32. Bb1 Rd8 33. Re8+ Rxe8 34. Rxe8+ Kf7 35. Rc8 Bxd2 36. Nxd2 Nc3+ 37. Ke1 Nxb1 38. Nxb3 Rb2 39. Rc7+ Kf8 40. Nd4 Rxb4 41. Ne6+ Kg8 42. f3 Rxh4 43. Rxg7+ Kh8 44. Rg5 Nc3 45. Rxf5 Nd5 46. Rg5 Rh1+ 47. Kf2 h4 48. Rg4 Kh7 49. Nf8+ Kh6 50. Rg6+ Kh5 51. Rxc6 Nf4 52. Ne6 Nxe6 53. Rxe6 Rb1 54. Re1 Rb4 55. Kg1 Kg5 56. Kh2 Rc4 57. Re5+ Kf6 58. Re4 Rc8 59. Rxh4 Rc3 1-0

[Event "CP-2017-P-00036"]
[Site "LSS email"]
[Date "2017.09.27"]
[Round "?"]
[White "Corbacho, Jose Luis"]
[Black "Borisovs, Leonids"]
[Result "1/2-1/2"]
[WhiteElo "1653"]
[BlackElo "2158"]
[PlyCount "98"]
[EventDate "2017.10.01"]
[EventType "tourn (corr)"]
[EventRounds "6"]
[EventCountry "GER"]
[SourceTitle "Corr 2022"]
[Source "ChessBase"]
[SourceDate "2021.10.24"]
[SourceVersion "1"]
[SourceVersionDate "2021.10.24"]
[SourceQuality "1"]

1. e4 c5 2. d4 cxd4 3. c3 d5 4. exd5 Qxd5 5. cxd4 Nc6 6. Nf3 e5 7. Nc3 Bb4 8. Bd2 Bxc3 9. Bxc3 e4 10. Ne5 Nxe5 11. dxe5 Ne7 12. Be2 0-0 13. 0-0 Bd7 14. Qc2 Qc6 15. Rac1 Qg6 16. Rfd1 Bc6 17. Rd6 Qg5 18. g3 Nd5 19. Bd4 Nf4 20. Bc4 Nd3 21. f4 Nxf4 22. Rf1 Nd3 23. Bxd3 exd3 24. Qxd3 Rad8 25. Bc5 Rxd6 26. Bxd6 Rc8 27. Qf5 Qxf5 28. Rxf5 Bd5 29. b3 h6 30. Rf2 Kh7 31. Rd2 Be6 32. Kf2 Kg6 33. Ke3 Kg5 34. Kf3 a5 35. Ba3 Kf5 36. Ke3 Kg4 37. Rf2 a4 38. Rb2 g6 39. Ke4 axb3 40. axb3 Kh3 41. Kd4 Rc1 42. Bf8 h5 43. Ke4 Rh1 44. b4 Rxh2 45. Rxh2+ Kxh2 46. Kf4 Kh3 47. Bc5 Bd7 48. Be7 b5 49. Bc5 Kg2 1/2-1/2

[Event "CP-2017-P-00036"]
[Site "LSS email"]
[Date "2017.09.27"]
[Round "?"]
[White "Germanes, Ramil"]
[Black "Corbacho, Jose Luis"]
[Result "1-0"]
[WhiteElo "2317"]
[BlackElo "1653"]
[PlyCount "77"]
[EventDate "2017.10.01"]
[EventType "tourn (corr)"]
[EventRounds "6"]
[EventCountry "GER"]
[SourceTitle "Corr 2022"]
[Source "ChessBase"]
[SourceDate "2021.10.24"]
[SourceVersion "1"]
[SourceVersionDate "2021.10.24"]
[SourceQuality "1"]

1. d4 f5 2. g3 Nf6 3. Bg2 g6 4. Nf3 Bg7 5. 0-0 d6 6. c4 0-0 7. Nc3 Qe8 8. d5 Na6 9. Rb1 Nc5 10. Be3 e5 11. dxe6 Bxe6 12. Ng5 Bxc4 13. b3 Bf7 14. Bxc5 dxc5 15. Bxb7 Rd8 16. Qc2 c6 17. Ba6 Nd5 18. Nxf7 Qxf7 19. Nxd5 cxd5 20. Qxc5 Qe6 21. Bd3 a6 22. Kg2 f4 23. f3 Rc8 24. Qa5 fxg3 25. hxg3 Rc6 26. Rbc1 Rd6 27. f4 Qg4 28. Rc7 h5 29. Qc5 h4 30. Rf3 Rfd8 31. Bxa6 hxg3 32. Qa7 R8d7 33. Qb8+ Rd8 34. Rc8 Qd7 35. Rxd8+ Qxd8 36. Qxd8+ Rxd8 37. a4 Bf8 38. Rxg3 Kf7 39. Bd3 1-0

[Event "BI-2016-F-0000"]
[Site "LSS email"]
[Date "2016.02.14"]
[Round "?"]
[White "Glowinski, Daniel"]
[Black "Corbacho, Jose Luis"]
[Result "0-1"]
[WhiteElo "1458"]
[BlackElo "1652"]
[PlyCount "100"]
[EventDate "2016.02.20"]
[EventType "tourn (corr)"]
[EventRounds "10"]
[EventCountry "GER"]
[SourceTitle "Corr 2022"]
[Source "ChessBase"]
[SourceDate "2021.10.24"]
[SourceVersion "1"]
[SourceVersionDate "2021.10.24"]
[SourceQuality "1"]

1. e4 e5 2. Nf3 Nc6 3. Bb5 f5 4. exf5 e4 5. Bxc6 dxc6 6. Qe2 Bxf5 7. Nc3 Qe7 8. Nd4 Bg6 9. 0-0 0-0-0 10. Qe3 Nf6 11. Nce2 Qd7 12. Nb3 Kb8 13. Nf4 Bd6 14. h3 Nd5 15. Nxd5 cxd5 16. Re1 Rhf8 17. a4 Bf4 18. Qc3 Qd6 19. Qc5 Bh2+ 20. Kh1 Rf6 21. d3 exd3 22. Be3 b6 23. Qxd6 Bxd6 24. Bg5 dxc2 25. Bxf6 gxf6 26. Nd4 Kb7 27. Re2 Be5 28. Nxc2 Bxb2 29. Rd1 d4 30. Nb4 Bc3 31. Nd3 c5 32. Nf4 Re8 33. Kh2 c4 34. Rxe8 Bxe8 35. Ne2 Bxa4 36. Rc1 Bb2 37. Rb1 c3 38. Nxd4 c2 39. Nxc2 Be5+ 40. g3 Bxc2 41. Rc1 Be4 42. f4 Bd6 43. Kg1 Bc5+ 44. Kf1 a5 45. Ra1 f5 46. g4 Kc6 47. Ke2 Kb5 48. g5 Bd4 49. Rd1 Kc4 50. h4 a4 0-1

[Event "OP-2015-0-03863"]
[Site "LSS email"]
[Date "2015.11.10"]
[Round "?"]
[White "Huseby, Juan Carlos"]
[Black "Corbacho, Jose Luis"]
[Result "0-1"]
[WhiteElo "335"]
[BlackElo "1659"]
[PlyCount "30"]
[EventDate "2015.11.04"]
[EventType "tourn (corr)"]
[EventRounds "4"]
[EventCountry "GER"]
[SourceTitle "Corr 2022"]
[Source "ChessBase"]
[SourceDate "2021.10.24"]
[SourceVersion "1"]
[SourceVersionDate "2021.10.24"]
[SourceQuality "1"]

1. e3 d5 2. Nc3 e5 3. Bb5+ c6 4. Ba4 Nf6 5. d4 Bd6 6. Bd2 0-0 7. Nf3 e4 8. Ng5 Ng4 9. Ngxe4 dxe4 10. Nxe4 Bc7 11. f3 Nf6 12. c4 Nxe4 13. fxe4 Qh4+ 14. g3 Bxg3+ 15. Kf1 Bh3+ 0-1

[Event "BI-2015-P-0000"]
[Site "LSS email"]
[Date "2015.04.16"]
[Round "?"]
[White "Corbacho, Jose Luis"]
[Black "Kele, Karoly"]
[Result "0-1"]
[WhiteElo "1649"]
[BlackElo "2063"]
[PlyCount "60"]
[EventDate "2015.04.22"]
[EventType "tourn (corr)"]
[EventRounds "10"]
[EventCountry "GER"]
[SourceTitle "Corr 2022"]
[Source "ChessBase"]
[SourceDate "2021.10.24"]
[SourceVersion "1"]
[SourceVersionDate "2021.10.24"]
[SourceQuality "1"]

1. d4 Nf6 2. Nc3 d5 3. e4 Nxe4 4. Nxe4 dxe4 5. Bc4 Nc6 6. c3 e5 7. d5 Ne7 8. Qa4+ Bd7 9. Qc2 f5 10. Nh3 Nc8 11. Ng5 Be7 12. Ne6 Bxe6 13. dxe6 Nb6 14. Bb3 a5 15. a4 Qd6 16. 0-0 0-0-0 17. Qe2 Nd5 18. Qb5 Qxe6 19. Rd1 c6 20. Qxa5 f4 21. Qa8+ Kc7 22. Qa5+ Kb8 23. c4 Nb4 24. Bd2 Nd3 25. Bc2 Nxf2 26. Kxf2 e3+ 27. Bxe3 fxe3+ 28. Kg1 Rxd1+ 29. Rxd1 Rf8 30. Bd3 e4 0-1

[Event "BI-2015-P-0000"]
[Site "LSS email"]
[Date "2015.04.16"]
[Round "?"]
[White "Corbacho, Jose Luis"]
[Black "Pott, Brian"]
[Result "1/2-1/2"]
[WhiteElo "1649"]
[BlackElo "1808"]
[PlyCount "64"]
[EventDate "2015.04.22"]
[EventType "tourn (corr)"]
[EventRounds "10"]
[EventCountry "GER"]
[SourceTitle "Corr 2022"]
[Source "ChessBase"]
[SourceDate "2021.10.24"]
[SourceVersion "1"]
[SourceVersionDate "2021.10.24"]
[SourceQuality "1"]

1. e4 e5 2. f4 d5 3. exd5 e4 4. d3 Nf6 5. dxe4 Nxe4 6. Nf3 Bc5 7. Qe2 Bf5 8. Nc3 Qe7 9. Be3 Bxe3 10. Qxe3 Nxc3 11. Qxe7+ Kxe7 12. bxc3 Bxc2 13. Kd2 Bg6 14. Nd4 h5 15. f5 Bh7 16. Rb1 b6 17. Re1+ Kf6 18. h3 Nd7 19. g4 Rae8 20. Rxe8 Rxe8 21. Bb5 Rd8 22. Bxd7 Rxd7 23. c4 g6 24. fxg6 Bxg6 25. gxh5 Bxh5 26. Re1 a6 27. Nc6 b5 28. Kc3 bxc4 29. Kxc4 Kg5 30. Re5+ Kh4 31. Nb8 Rd6 32. Nc6 f6 1/2-1/2

[Event "BI-2015-P-0000"]
[Site "LSS email"]
[Date "2015.04.16"]
[Round "?"]
[White "Owens, Johnny"]
[Black "Corbacho, Jose Luis"]
[Result "1/2-1/2"]
[WhiteElo "1790"]
[BlackElo "1649"]
[PlyCount "95"]
[EventDate "2015.04.22"]
[EventType "tourn (corr)"]
[EventRounds "10"]
[EventCountry "GER"]
[SourceTitle "Corr 2022"]
[Source "ChessBase"]
[SourceDate "2021.10.24"]
[SourceVersion "1"]
[SourceVersionDate "2021.10.24"]
[SourceQuality "1"]

1. d4 f5 2. e4 fxe4 3. Nc3 Nf6 4. f3 d5 5. fxe4 dxe4 6. Nge2 Bf5 7. Ng3 Bg6 8. Bg5 Qd6 9. Bxf6 exf6 10. Ngxe4 Qe6 11. Qe2 Be7 12. 0-0-0 Nd7 13. d5 Qe5 14. d6 cxd6 15. Rd5 Qf4+ 16. Kb1 0-0 17. g3 Qh6 18. Nxd6 Bxd6 19. Rxd6 Ne5 20. Bg2 Rab8 21. Rd4 Rfe8 22. Rh4 Qg5 23. Bd5+ Kh8 24. Be4 f5 25. Bd5 b5 26. Bb3 Ng4 27. Qf3 a5 28. a3 a4 29. Ba2 b4 30. axb4 Rxb4 31. h3 Ne5 32. Qf2 Rxh4 33. gxh4 Qe7 34. Re1 Nd3 35. Rxe7 Nxf2 36. Rxe8+ Bxe8 37. Kc1 Nxh3 38. b4 axb3 39. cxb3 Nf4 40. Kd2 Bf7 41. b4 Bxa2 42. Nxa2 Kg8 43. b5 Nd5 44. Nc3 Nb6 45. Ke3 Kf7 46. Kd4 Ke6 47. Ne2 Nd5 48. Kc5 1/2-1/2

[Event "SD-2015-0-00216"]
[Site "LSS email"]
[Date "2015.02.24"]
[Round "?"]
[White "Corbacho, Jose Luis"]
[Black "Castignani, Fausto"]
[Result "0-1"]
[WhiteElo "1655"]
[BlackElo "1794"]
[PlyCount "70"]
[EventDate "2015.01.24"]
[EventType "tourn (corr)"]
[EventRounds "6"]
[EventCountry "GER"]
[SourceTitle "Corr 2022"]
[Source "ChessBase"]
[SourceDate "2021.10.24"]
[SourceVersion "1"]
[SourceVersionDate "2021.10.24"]
[SourceQuality "1"]

1. e4 e5 2. f4 exf4 3. Bc4 Qh4+ 4. Kf1 d6 5. d4 Be6 6. Bd3 Nf6 7. Nf3 Qh6 8. Nc3 Be7 9. Ne2 Nh5 10. Qd2 Bg4 11. Qa5 c5 12. Qc7 Nd7 13. Bb5 Rd8 14. Qxb7 Qg6 15. c3 0-0 16. Bc6 Bg5 17. h3 Bxf3 18. gxf3 Ng3+ 19. Nxg3 fxg3 20. Rg1 Bxc1 21. Rxc1 Qg5 22. Rc2 Nf6 23. Qe7 Qe3 24. Rxg3 Qd3+ 25. Re2 Nh5 26. Qh4 Nxg3+ 27. Qxg3 cxd4 28. cxd4 Rb8 29. b3 Rbc8 30. d5 f5 31. e5 dxe5 32. Qxe5 Qxf3+ 33. Kg1 Qxh3 34. Rg2 Qh6 35. d6 Kh8 0-1

[Event "CP-2014-P-00036"]
[Site "LSS email"]
[Date "2014.09.30"]
[Round "?"]
[White "Blair, Matthew"]
[Black "Corbacho, Jose Luis"]
[Result "1-0"]
[WhiteElo "1935"]
[BlackElo "1653"]
[PlyCount "103"]
[EventDate "2014.10.01"]
[EventType "tourn (corr)"]
[EventRounds "6"]
[EventCountry "GER"]
[SourceTitle "Corr 2022"]
[Source "ChessBase"]
[SourceDate "2021.10.24"]
[SourceVersion "1"]
[SourceVersionDate "2021.10.24"]
[SourceQuality "1"]

1. Nf3 f5 2. g3 Nf6 3. Bg2 g6 4. c4 Nc6 5. d4 Bg7 6. Nc3 d6 7. Qc2 e5 8. d5 Ne7 9. Ng5 h6 10. Ne6 Bxe6 11. dxe6 Qc8 12. Qb3 e4 13. c5 dxc5 14. f3 exf3 15. Bxf3 c6 16. Be3 b6 17. 0-0-0 0-0 18. Rd6 Re8 19. Qc4 Ng4 20. Bf4 Ne5 21. Bxe5 Bxe5 22. Rd7 Bd4 23. e3 Bxe3+ 24. Kb1 Bd4 25. Ne2 Bf6 26. Nf4 Qb8 27. Qc1 Bg7 28. Rhd1 Qe5 29. Rxe7 Rxe7 30. Bxc6 Rae8 31. Nxg6 Qf6 32. Nxe7+ Rxe7 33. a3 Kh7 34. Bd5 Qe5 35. Qc2 h5 36. Bc4 Kg6 37. Rf1 Rxe6 38. Bxe6 Qxe6 39. h3 Kg5 40. Qd2+ Kg6 41. Re1 Qf6 42. h4 c4 43. Re2 f4 44. gxf4 Qf5+ 45. Qc2 Qxc2+ 46. Kxc2 Kf5 47. Rg2 Bf6 48. Rg5+ Kxf4 49. Rxh5 Kg4 50. Rh7 Bxh4 51. Rxh4+ Kxh4 52. Kc3 1-0

[Event "CP-2014-P-00036"]
[Site "LSS email"]
[Date "2014.09.30"]
[Round "?"]
[White "Corbacho, Jose Luis"]
[Black "Lelito, Jerzy"]
[Result "0-1"]
[WhiteElo "1653"]
[BlackElo "2066"]
[PlyCount "76"]
[EventDate "2014.10.01"]
[EventType "tourn (corr)"]
[EventRounds "6"]
[EventCountry "GER"]
[SourceTitle "Corr 2022"]
[Source "ChessBase"]
[SourceDate "2021.10.24"]
[SourceVersion "1"]
[SourceVersionDate "2021.10.24"]
[SourceQuality "1"]

1. d4 d5 2. e4 dxe4 3. Nc3 Nf6 4. f3 exf3 5. Nxf3 g6 6. Bc4 Bg7 7. 0-0 0-0 8. Bg5 Nc6 9. Qd2 h6 10. Bxh6 Nxd4 11. Ne5 Be6 12. Rad1 Bxc4 13. Nxc4 c5 14. Qg5 Qc7 15. Rd3 Rad8 16. Rh3 Ne6 17. Qc1 Ng4 18. Bxg7 Kxg7 19. Ne3 Nxe3 20. Qxe3 Rh8 21. Rg3 Nd4 22. Ne2 Rh4 23. Nxd4 Rdxd4 24. c3 Rde4 25. Qf2 Rhf4 26. Rf3 Rxf3 27. Qxf3 f5 28. g3 Qc6 29. Rf2 Qd5 30. b3 c4 31. bxc4 Qxc4 32. Kg2 b5 33. Rd2 Re1 34. h4 Qc5 35. Rd3 Ra1 36. Rd2 b4 37. Rc2 a5 38. c4 a4 0-1

[Event "CP-2014-P-00036"]
[Site "LSS email"]
[Date "2014.09.30"]
[Round "?"]
[White "Corbacho, Jose Luis"]
[Black "Simal Moreira, Leonardo"]
[Result "0-1"]
[WhiteElo "1653"]
[BlackElo "2263"]
[PlyCount "96"]
[EventDate "2014.10.01"]
[EventType "tourn (corr)"]
[EventRounds "6"]
[EventCountry "GER"]
[SourceTitle "Corr 2022"]
[Source "ChessBase"]
[SourceDate "2021.10.24"]
[SourceVersion "1"]
[SourceVersionDate "2021.10.24"]
[SourceQuality "1"]

1. e4 e5 2. d4 exd4 3. c3 dxc3 4. Bc4 cxb2 5. Bxb2 Bb4+ 6. Nd2 Nf6 7. Ngf3 0-0 8. 0-0 d6 9. Ng5 Qe7 10. Nb3 Nbd7 11. a3 Bc5 12. Nxc5 Nxc5 13. Re1 b5 14. Ba2 Ng4 15. f4 Na4 16. e5 h6 17. exd6 Qxd6 18. Qxd6 cxd6 19. Nxf7 Nxb2 20. Nxd6+ Kh8 21. Nxc8 Raxc8 22. Be6 Nf6 23. Bxc8 Rxc8 24. Reb1 Nd3 25. Rxb5 Nxf4 26. Rab1 Kh7 27. g3 Ne2+ 28. Kf1 Nd4 29. R5b4 Nf5 30. R1b3 Rc1+ 31. Kg2 Rc2+ 32. Kg1 Nd5 33. Ra4 Rd2 34. Rf3 Nd4 35. Rf2 Rd1+ 36. Rf1 Nf3+ 37. Kf2 Rd3 38. Kg2 Ne5 39. Re1 Ne3+ 40. Kf2 Nd1+ 41. Kf1 Nf3 42. Rxa7 Nxe1 43. Kxe1 Ne3 44. Ke2 Rc3 45. a4 Ng4 46. Kd2 Ra3 47. a5 Nxh2 48. Kc2 h5 0-1

[Event "BI-2014-F-0000"]
[Site "LSS email"]
[Date "2014.02.21"]
[Round "?"]
[White "Corbacho, Jose Luis"]
[Black "Schulz, Hans Juergen"]
[Result "1/2-1/2"]
[WhiteElo "1666"]
[BlackElo "1690"]
[PlyCount "50"]
[EventDate "2014.02.27"]
[EventType "tourn (corr)"]
[EventRounds "10"]
[EventCountry "GER"]
[SourceTitle "Corr 2022"]
[Source "ChessBase"]
[SourceDate "2021.10.24"]
[SourceVersion "1"]
[SourceVersionDate "2021.10.24"]
[SourceQuality "1"]

1. d4 Nf6 2. Nc3 d5 3. e4 dxe4 4. f3 exf3 5. Nxf3 Bg4 6. h3 Bxf3 7. Qxf3 c6 8. Be3 e6 9. Bd3 Be7 10. 0-0 0-0 11. Rf2 Nbd7 12. Raf1 Qb6 13. g4 Qxb2 14. Ne4 Qxa2 15. c4 Qa3 16. Bc1 Qa1 17. Be3 Qa5 18. Nxf6+ Nxf6 19. g5 Nd7 20. Bxh7+ Kxh7 21. Qh5+ Kg8 22. Rxf7 Qc3 23. Rxg7+ Kxg7 24. Qh6+ Kg8 25. Qg6+ Kh8 1/2-1/2

[Event "BI-2014-F-0000"]
[Site "LSS email"]
[Date "2014.02.21"]
[Round "?"]
[White "Moreira, Carlos"]
[Black "Corbacho, Jose Luis"]
[Result "1-0"]
[WhiteElo "1741"]
[BlackElo "1666"]
[PlyCount "121"]
[EventDate "2014.02.27"]
[EventType "tourn (corr)"]
[EventRounds "10"]
[EventCountry "GER"]
[SourceTitle "Corr 2022"]
[Source "ChessBase"]
[SourceDate "2021.10.24"]
[SourceVersion "1"]
[SourceVersionDate "2021.10.24"]
[SourceQuality "1"]

1. e4 d5 2. exd5 Nf6 3. d4 Bg4 4. f3 Bf5 5. Bb5+ Nbd7 6. c4 e6 7. dxe6 fxe6 8. Ne2 c6 9. Ba4 Qb6 10. Nbc3 0-0-0 11. 0-0 e5 12. Bb3 Nc5 13. Be3 Ne6 14. Na4 Qa5 15. Bd2 Bb4 16. Bxb4 Qxb4 17. d5 Rhe8 18. a3 Qe7 19. Qd2 Nc5 20. Nxc5 Qxc5+ 21. Kh1 e4 22. Qd4 Qxd4 23. Nxd4 Bd7 24. dxc6 bxc6 25. Rfe1 Kc7 26. fxe4 Rxe4 27. Rxe4 Nxe4 28. Re1 Nd2 29. Ba2 c5 30. Nb5+ Kb6 31. Nc3 Bc6 32. Re6 Kc7 33. Nb5+ Kb7 34. h3 a6 35. Nc3 Rd4 36. Re7+ Rd7 37. Re5 Kb6 38. Re6 Kc7 39. Kg1 Rf7 40. Re2 Nf1 41. Bb1 g6 42. Rf2 Rxf2 43. Kxf2 Nd2 44. Bd3 Nb3 45. Bc2 Na5 46. b3 Kd6 47. g3 Ke5 48. Ke3 Bd7 49. g4 Nc6 50. Bd1 Nd4 51. Ne4 Ne6 52. b4 cxb4 53. axb4 Bc6 54. Nf2 Nf4 55. Nd3+ Nxd3 56. Kxd3 Bg2 57. h4 h6 58. Ke3 Bb7 59. Bf3 Bc8 60. b5 a5 61. b6 1-0

[Event "BI-2014-F-0000"]
[Site "LSS email"]
[Date "2014.02.21"]
[Round "?"]
[White "Pilgram, Kurt"]
[Black "Corbacho, Jose Luis"]
[Result "1-0"]
[WhiteElo "1944"]
[BlackElo "1666"]
[PlyCount "117"]
[EventDate "2014.02.27"]
[EventType "tourn (corr)"]
[EventRounds "10"]
[EventCountry "GER"]
[SourceTitle "Corr 2022"]
[Source "ChessBase"]
[SourceDate "2021.10.24"]
[SourceVersion "1"]
[SourceVersionDate "2021.10.24"]
[SourceQuality "1"]

1. d4 Nf6 2. c4 c5 3. d5 d6 4. Nc3 e6 5. e4 exd5 6. cxd5 Be7 7. h3 0-0 8. Nf3 a6 9. a4 Nbd7 10. Bd3 Re8 11. 0-0 Nf8 12. Be3 Ng6 13. Ne2 Nd7 14. Nd2 Nde5 15. Bc2 Qc7 16. f4 Nd7 17. Nc3 Rb8 18. Qe2 b6 19. Bd3 Ra8 20. Rab1 Bb7 21. g3 Bf6 22. Rfc1 Bxc3 23. bxc3 Nf6 24. Qf3 Bc8 25. g4 h6 26. Bf2 Bd7 27. Ra1 b5 28. axb5 axb5 29. Rxa8 Rxa8 30. e5 dxe5 31. d6 Qc8 32. Bxg6 fxg6 33. fxe5 Bc6 34. Qd3 Nxg4 35. d7 Bxd7 36. hxg4 Bxg4 37. Qxb5 Ra2 38. Ne4 Qe6 39. Rb1 Qxe5 40. Qb8+ Qxb8 41. Rxb8+ Kf7 42. Bxc5 Ke6 43. Bd4 Kd5 44. Nf2 Bf5 45. Bxg7 h5 46. Bd4 Re2 47. Kg2 Re1 48. Kf3 Kd6 49. c4 Kc6 50. Rb6+ Kc7 51. c5 Re7 52. Be3 Re6 53. Rxe6 Bxe6 54. Nd3 Bf5 55. Ne5 h4 56. Bf4 Kb7 57. Bg5 h3 58. Be7 Kc7 59. Kg3 1-0

[Event "IECC 2014-1.07"]
[Site "IECC email"]
[Date "2014.01.05"]
[Round "?"]
[White "Corbacho, Jose Luis"]
[Black "Lorenzo, Alfredo"]
[Result "0-1"]
[WhiteElo "1677"]
[BlackElo "1923"]
[PlyCount "70"]
[EventDate "2014.??.??"]
[EventType "tourn (corr)"]
[SourceTitle "Corr 2020"]
[Source "ChessBase"]
[SourceDate "2019.09.30"]
[SourceVersion "1"]
[SourceVersionDate "2019.09.30"]
[SourceQuality "1"]
[WhiteTeam "Spain"]
[BlackTeam "France"]
[WhiteTeamCountry "ESP"]
[BlackTeamCountry "FRA"]

1. e4 d5 2. d4 dxe4 3. Nc3 Nf6 4. f3 exf3 5. Nxf3 g6 6. Bc4 Bg7 7. 0-0 0-0 8. Qe1 Nc6 9. Qh4 Bf5 10. Be3 Bxc2 11. g4 Nb4 12. Rf2 Bd3 13. Bb3 e6 14. a3 Nbd5 15. Bg5 h6 16. Nxd5 exd5 17. Bxf6 Qxf6 18. g5 Qd8 19. Qf4 h5 20. Ne5 Bxe5 21. dxe5 c6 22. Re1 Qc7 23. Re3 Bf5 24. h4 Rae8 25. Bd1 Be4 26. Bf3 Bxf3 27. Rfxf3 Re6 28. b4 Rfe8 29. Re1 Rxe5 30. Rxe5 Rxe5 31. Re3 Re7 32. Qxc7 Rxc7 33. Re8+ Kg7 34. Kf2 b6 35. Ke3 c5 0-1

[Event "IECC 2014-1.07"]
[Site "IECC email"]
[Date "2014.01.05"]
[Round "?"]
[White "Cravens, Dennis"]
[Black "Corbacho, Jose Luis"]
[Result "1-0"]
[WhiteElo "2171"]
[BlackElo "1678"]
[PlyCount "59"]
[EventDate "2014.??.??"]
[EventType "tourn (corr)"]
[SourceTitle "Corr 2020"]
[Source "ChessBase"]
[SourceDate "2019.09.30"]
[SourceVersion "1"]
[SourceVersionDate "2019.09.30"]
[SourceQuality "1"]
[WhiteTeam "United States"]
[BlackTeam "Spain"]
[WhiteTeamCountry "USA"]
[BlackTeamCountry "ESP"]

1. d4 f5 2. c4 Nf6 3. g3 g6 4. Bg2 Bg7 5. Nc3 0-0 6. Nf3 d6 7. 0-0 Qe8 8. Qb3 Na6 9. Rd1 c5 10. e3 e5 11. dxe5 dxe5 12. e4 f4 13. gxf4 exf4 14. Re1 Nh5 15. Nd5 h6 16. e5 Qf7 17. Nh4 Re8 18. Qd3 g5 19. Be4 gxh4 20. Bg6 Qf8 21. Bxh5 Bf5 22. Qf3 Rxe5 23. Bxf4 Re6 24. Rxe6 Bxe6 25. Re1 Bxd5 26. cxd5 Nb4 27. d6 Nd3 28. Qxd3 Qxf4 29. Qd5+ Kh7 30. d7 1-0

[Event "SD-2013-0-00180"]
[Site "LSS email"]
[Date "2013.11.05"]
[Round "?"]
[White "Corbacho, Jose Luis"]
[Black "Correa de Almeida, Claudio"]
[Result "1/2-1/2"]
[WhiteElo "1594"]
[BlackElo "1545"]
[PlyCount "93"]
[EventDate "2013.09.24"]
[EventType "tourn (corr)"]
[EventRounds "6"]
[EventCountry "GER"]
[SourceTitle "Corr 2015"]
[Source "ChessBase"]
[SourceDate "2015.07.17"]
[SourceVersion "1"]
[SourceVersionDate "2015.07.17"]
[SourceQuality "1"]

1. e4 c5 2. d4 cxd4 3. c3 dxc3 4. Nxc3 Nc6 5. Nf3 d6 6. Bc4 a6 7. 0-0 Nf6 8. b4 Bg4 9. b5 Bxf3 10. gxf3 axb5 11. Bxb5 g6 12. Bg5 Bg7 13. Rc1 0-0 14. a4 h6 15. Bh4 g5 16. Bg3 Nh5 17. Kg2 Nxg3 18. fxg3 e6 19. Ne2 Rc8 20. f4 gxf4 21. Nxf4 Qg5 22. Qxd6 Rfd8 23. Qc5 Rd2+ 24. Kh3 Bb2 25. Rc2 Rxc2 26. Qxc2 Be5 27. Kg2 Bg7 28. Rb1 Qd8 29. Rc1 Rc7 30. Ne2 Rd7 31. Bxc6 Rd2 32. Qc4 bxc6 33. Rc2 Rd6 34. Qc5 Kh7 35. Ra2 Rd1 36. Qc2 Rd7 37. Qxc6 Ra7 38. Qc4 Qb6 39. Nf4 Ra5 40. Nd3 Qe3 41. Nf2 Qa7 42. Qc6 Bd4 43. Qc2 Qb7 44. Qc4 Qa7 45. Nd3 Be3 46. Ne1 Bd4 47. Nf3 1/2-1/2

[Event "SD-2013-0-00180"]
[Site "LSS email"]
[Date "2013.11.04"]
[Round "?"]
[White "Corbacho, Jose Luis"]
[Black "Lelito, Jerzy"]
[Result "0-1"]
[WhiteElo "1594"]
[BlackElo "2002"]
[PlyCount "148"]
[EventDate "2013.09.24"]
[EventType "tourn (corr)"]
[EventRounds "6"]
[EventCountry "GER"]
[SourceTitle "Corr 2015"]
[Source "ChessBase"]
[SourceDate "2015.07.17"]
[SourceVersion "1"]
[SourceVersionDate "2015.07.17"]
[SourceQuality "1"]

1. e4 e5 2. f4 exf4 3. Bc4 Qh4+ 4. Kf1 d6 5. d4 Bg4 6. Qd3 Nc6 7. Nc3 g5 8. g3 Qh6 9. Nd5 0-0-0 10. gxf4 gxf4 11. Bxf4 Qh5 12. h3 Be6 13. Ne2 Nge7 14. Ng3 Qh4 15. Ne2 Rg8 16. Bg3 Qg5 17. Qf3 Bxd5 18. exd5 Nxd4 19. Nxd4 Qxg3 20. Qxg3 Rxg3 21. Re1 Ng6 22. Bd3 Rg5 23. Nf5 Ne5 24. Be4 Re8 25. Rh2 Bg7 26. Ree2 Kd8 27. Rhf2 Rg8 28. Re3 Nd7 29. c3 Bf6 30. Nh6 Rg1+ 31. Ke2 R8g7 32. Ref3 Bh4 33. Nf5 Bxf2 34. Nxg7 Bh4 35. Rf4 Bf6 36. Nf5 Ra1 37. Rg4 Ke8 38. Rg8+ Nf8 39. Kd2 Rxa2 40. Kc2 Ra4 41. Kd3 h5 42. Ng3 h4 43. Nf5 b5 44. Ne3 b4 45. Ng4 Be7 46. b3 Ra3 47. Kc2 Ra2+ 48. Kd3 bxc3 49. Kxc3 Ra5 50. Bf3 Rc5+ 51. Kd3 a5 52. Kd2 Bd8 53. Bg2 Be7 54. Bf3 Bd8 55. Bg2 Rb5 56. Kc2 Ke7 57. Bf3 Nd7 58. Ne3 Ne5 59. Bg2 Kd7 60. Be4 Rc5+ 61. Kd2 Bf6 62. Ng4 Ke7 63. Nxe5 Bxe5 64. Rg4 Bg3 65. Bg2 f5 66. Ra4 Be5 67. Rxh4 Rc3 68. Ra4 Rxb3 69. Bf1 f4 70. Ke2 Kf6 71. Bg2 Kg5 72. Rc4 Ra3 73. Kf2 Ra2+ 74. Kf3 a4 0-1